|
|
|
|
| LEADER |
01139pam a22002898a 4500 |
| 001 |
00028257 |
| 005 |
20171026081023.0 |
| 008 |
120312s2011 ||||||Viesd |
| 041 |
0 |
# |
|a Vie
|
| 082 |
1 |
4 |
|a 333.1
|b G103PH
|
| 100 |
1 |
# |
|a Peterson, George E.
|
| 245 |
1 |
0 |
|a Giải phóng giá trị đất đai để cung cấp tài chính cho cơ sở hạ tầng đô thị
|c George E. Peterson
|
| 260 |
# |
# |
|a Hà Nội
|b Ngân hàng Thế giới
|c 2011
|
| 300 |
# |
# |
|a 117tr.
|c 23cm.
|
| 490 |
# |
# |
|a Các xu hướng và lựa chọn chính sách; Số 7
|
| 500 |
# |
# |
|a Giúp xoá nghèo thông qua sự tham gia của tư nhân trong ngành cơ sở hạ tầng
|
| 504 |
# |
# |
|a Thư mục: tr. 113-117
|
| 650 |
# |
4 |
|a Cơ sở hạ tầng( kinh tế học)
|x Tài chính
|
| 653 |
# |
# |
|a Kinh tế
|
| 653 |
# |
# |
|a Tài chính
|
| 653 |
# |
# |
|a Cơ sở hạ tầng
|
| 653 |
# |
# |
|a Đô thị
|
| 653 |
# |
# |
|a Đất
|
| 852 |
# |
# |
|b Kho đọc
|j KD.0012537
|
| 852 |
# |
# |
|j KD.0012537
|
| 910 |
|
|
|d 12/03/2012
|
| 980 |
# |
# |
|a Trung tâm Học liệu Lê Vũ Hùng, Trường Đại học Đồng Tháp
|